000
00217nam a22000857a 4500
008
170624b xxu||||| |||| 00| 0 eng d
100
_9
3659
_a
Sirohi. M. S
245
_a
Grown with Numbers 3
260
_a
New Delhi
_b
Amity
_c
2009
999
_c
7070
_d
7070